000 01097cam a22002771i 4500
003 SA-RiAUC
005 20240930134328.0
008 240928s1988 ti g 001 0bara c
020 _a997310000X
035 _aAG-0306-00041382
040 _aQA-DoQUL
_bara
_cSA-RiAUC
_erda
082 0 4 _a922.58
_qSA-RiAUC
090 _a922.58
_bا ب و ا
100 1 _aأبو الأجفان، محمد،
_d1936-2006
_eمؤلف.
245 1 2 _aالإمام أبو عبد الله محمد المقري التلمساني /
_cمحمد بن الهادي أبو الأجفان.
264 1 _aتونس :
_bالدار العربية للكتاب،
_c1988
300 _a241 صفحة ؛
_c24 سم
336 _aنص
_btxt
_2rdacontent
_3كتاب
337 _aبدون وسيط
_bn
_2rdamedia
338 _aمجلد
_bnc
_2rdacarrier
500 _aيشتمل على كشافات.
600 1 7 _aالمقري، محمد بن محمد بن أحمد،
_dتوفي 758 هجري
_2aucnm
650 7 _aالفقهاء المغاربة
_vتراجم
_2aucsh
942 _2ddc
_cBOOK
_n0
949 _aSA-JeALM
_d240928
_umohamedma123
_n1
999 _c675
_d675